<?xml version="1.0" encoding="UTF-8"?>
<record
    xmlns:xsi="http://www.w3.org/2001/XMLSchema-instance"
    xsi:schemaLocation="http://www.loc.gov/MARC21/slim http://www.loc.gov/standards/marcxml/schema/MARC21slim.xsd"
    xmlns="http://www.loc.gov/MARC21/slim">

  <leader>00431nam a22001457a 4500</leader>
  <controlfield tag="005">20260311152128.0</controlfield>
  <controlfield tag="008">260311b        |||||||| |||| 00| 0 eng d</controlfield>
  <datafield tag="020" ind1=" " ind2=" ">
    <subfield code="a">978-9966-1779-1-9</subfield>
  </datafield>
  <datafield tag="100" ind1=" " ind2=" ">
    <subfield code="a">OKEMWA, CHRISTOPHER</subfield>
  </datafield>
  <datafield tag="245" ind1=" " ind2=" ">
    <subfield code="a">OGASUSU NA OGANCHOGU</subfield>
  </datafield>
  <datafield tag="260" ind1=" " ind2=" ">
    <subfield code="a">KISII</subfield>
    <subfield code="b">KISTRECH THEATRE INTERNATIONAL</subfield>
    <subfield code="c">2014</subfield>
  </datafield>
  <datafield tag="300" ind1=" " ind2=" ">
    <subfield code="a">35P.</subfield>
  </datafield>
  <datafield tag="650" ind1=" " ind2=" ">
    <subfield code="a">1. FOLKLORE - KENYA 2. GUSII (AFRICAN PEOPLE - JUVENILE FICTION</subfield>
  </datafield>
  <datafield tag="942" ind1=" " ind2=" ">
    <subfield code="2">lcc</subfield>
    <subfield code="c">BK</subfield>
  </datafield>
  <datafield tag="999" ind1=" " ind2=" ">
    <subfield code="c">216831</subfield>
    <subfield code="d">216831</subfield>
  </datafield>
  <datafield tag="952" ind1=" " ind2=" ">
    <subfield code="0">0</subfield>
    <subfield code="1">0</subfield>
    <subfield code="2">lcc</subfield>
    <subfield code="4">0</subfield>
    <subfield code="6">PZ0090 O44  02014</subfield>
    <subfield code="7">0</subfield>
    <subfield code="9">376319</subfield>
    <subfield code="a">KSUL</subfield>
    <subfield code="b">KSUL</subfield>
    <subfield code="d">2026-03-11</subfield>
    <subfield code="i">1123403</subfield>
    <subfield code="l">0</subfield>
    <subfield code="o">PZ 90 .O44 2014</subfield>
    <subfield code="p">a001168</subfield>
    <subfield code="r">2026-03-11 15:18:00</subfield>
    <subfield code="t">1</subfield>
    <subfield code="w">2026-03-11</subfield>
    <subfield code="y">BK</subfield>
  </datafield>
  <datafield tag="952" ind1=" " ind2=" ">
    <subfield code="0">0</subfield>
    <subfield code="1">0</subfield>
    <subfield code="2">lcc</subfield>
    <subfield code="4">0</subfield>
    <subfield code="6">PZ0090 O44  02014</subfield>
    <subfield code="7">0</subfield>
    <subfield code="9">376320</subfield>
    <subfield code="a">KSUL</subfield>
    <subfield code="b">KSUL</subfield>
    <subfield code="d">2026-03-11</subfield>
    <subfield code="i">1123404</subfield>
    <subfield code="l">0</subfield>
    <subfield code="o">PZ 90 .O44 2014</subfield>
    <subfield code="p">a001170</subfield>
    <subfield code="r">2026-03-11 15:18:00</subfield>
    <subfield code="t">2</subfield>
    <subfield code="w">2026-03-11</subfield>
    <subfield code="y">BK</subfield>
  </datafield>
  <datafield tag="952" ind1=" " ind2=" ">
    <subfield code="0">0</subfield>
    <subfield code="1">0</subfield>
    <subfield code="2">lcc</subfield>
    <subfield code="4">0</subfield>
    <subfield code="6">PZ0090 O44  02014</subfield>
    <subfield code="7">0</subfield>
    <subfield code="9">376321</subfield>
    <subfield code="a">KSUL</subfield>
    <subfield code="b">KSUL</subfield>
    <subfield code="d">2026-03-11</subfield>
    <subfield code="i">1123405</subfield>
    <subfield code="l">0</subfield>
    <subfield code="o">PZ 90 .O44 2014</subfield>
    <subfield code="p">a001165</subfield>
    <subfield code="r">2026-03-11 15:18:00</subfield>
    <subfield code="t">3</subfield>
    <subfield code="w">2026-03-11</subfield>
    <subfield code="y">BK</subfield>
  </datafield>
  <datafield tag="952" ind1=" " ind2=" ">
    <subfield code="0">0</subfield>
    <subfield code="1">0</subfield>
    <subfield code="2">lcc</subfield>
    <subfield code="4">0</subfield>
    <subfield code="6">PZ0090 O44  02014</subfield>
    <subfield code="7">0</subfield>
    <subfield code="9">376322</subfield>
    <subfield code="a">KSUL</subfield>
    <subfield code="b">KSUL</subfield>
    <subfield code="d">2026-03-11</subfield>
    <subfield code="i">1123406</subfield>
    <subfield code="l">0</subfield>
    <subfield code="o">PZ 90 .O44 2014</subfield>
    <subfield code="p">a001167</subfield>
    <subfield code="r">2026-03-11 15:18:00</subfield>
    <subfield code="t">4</subfield>
    <subfield code="w">2026-03-11</subfield>
    <subfield code="y">BK</subfield>
  </datafield>
  <datafield tag="952" ind1=" " ind2=" ">
    <subfield code="0">0</subfield>
    <subfield code="1">0</subfield>
    <subfield code="2">lcc</subfield>
    <subfield code="4">0</subfield>
    <subfield code="6">PZ0090 O44  02014</subfield>
    <subfield code="7">0</subfield>
    <subfield code="9">376323</subfield>
    <subfield code="a">KSUL</subfield>
    <subfield code="b">KSUL</subfield>
    <subfield code="d">2026-03-11</subfield>
    <subfield code="i">1123407</subfield>
    <subfield code="l">0</subfield>
    <subfield code="o">PZ 90 .O44 2014</subfield>
    <subfield code="p">a001169</subfield>
    <subfield code="r">2026-03-11 15:18:00</subfield>
    <subfield code="t">5</subfield>
    <subfield code="w">2026-03-11</subfield>
    <subfield code="y">BK</subfield>
  </datafield>
</record>
